[Event "Barcelona Sant Marti op 3rd"]
[Site "Barcelona"]
[Date "2014.03.13"]
[Round "9"]
[White "Sanchez Criado, Lluis"]
[Black "Nadal Fajardo, Ricard"]
[Result "1/2-1/2"]
[WhiteElo "2253"]
[BlackElo "2141"]
[PlyCount "78"]
[EventDate "2014.01.16"]
[EventType "swiss"]
[EventRounds "9"]
[EventCountry "ESP"]
[SourceTitle "EXT 2015"]
[Source "ChessBase"]
[SourceDate "2014.11.20"]
[SourceVersion "1"]
[SourceVersionDate "2014.11.20"]
[SourceQuality "1"]

1. d4 Nf6 2. c4 c5 3. Nf3 cxd4 4. Nxd4 Nc6 5. Nc3 a6 6. e3 e6 7. Be2 Qc7 8. 0-0 d6 9. b3 Be7 10. Bb2 0-0 11. Rc1 Nxd4 12. Qxd4 b6 13. Na4 Rb8 14. Rfd1 Bd7 15. Nc3 Rfd8 16. Bf3 Bc8 17. Rd2 Bb7 18. Bxb7 Rxb7 19. Rcd1 Qc6 20. a4 Qc5 21. Ne4 Qxd4 22. Rxd4 Nxe4 23. Rxe4 e5 24. Rg4 f5 25. Rg3 b5 26. axb5 axb5 27. c5 dxc5 28. Rxd8+ Bxd8 29. Bxe5 g6 30. e4 Re7 31. f4 fxe4 32. Bd6 Rf7 33. Bxc5 Rxf4 34. Re3 Rf5 35. b4 Re5 36. Ra3 Be7 37. Ra8+ Kf7 38. Ra7 Kf8 39. Ra8+ Kf7 1/2-1/2

[Event "Barcelona Sant Marti op 3rd"]
[Site "Barcelona"]
[Date "2014.02.13"]
[Round "5"]
[White "Sanchez Criado, Lluis"]
[Black "Bieg Pagel, Clemens"]
[Result "1-0"]
[WhiteElo "2253"]
[BlackElo "2037"]
[PlyCount "45"]
[EventDate "2014.01.16"]
[EventType "swiss"]
[EventRounds "9"]
[EventCountry "ESP"]
[SourceTitle "EXT 2015"]
[Source "ChessBase"]
[SourceDate "2014.11.20"]
[SourceVersion "1"]
[SourceVersionDate "2014.11.20"]
[SourceQuality "1"]

1. d4 Nf6 2. Nf3 e6 3. g3 b6 4. Bg2 Bb7 5. 0-0 Be7 6. c4 0-0 7. Nc3 Ne4 8. Qc2 Nxc3 9. bxc3 f5 10. d5 c5 11. e4 fxe4 12. Qxe4 exd5 13. cxd5 Bf6 14. Qc2 d6 15. Bf4 Na6 16. Rab1 Qd7 17. c4 Rad8 18. Bg5 Nb4 19. Qd2 Qf5 20. Rfd1 Nc2 21. Bxf6 Na3 22. Bxd8 Nxb1 23. Qb2 1-0

[Event "Barcelona Barri Gotic op 2nd"]
[Site "Barcelona"]
[Date "2013.05.27"]
[Round "6.6"]
[White "Sanchez Criado, Lluis"]
[Black "Diaz Flores Garcia, Pablo"]
[Result "1-0"]
[WhiteElo "2148"]
[BlackElo "2026"]
[PlyCount "77"]
[EventDate "2013.04.15"]
[EventType "swiss"]
[EventRounds "8"]
[EventCountry "ESP"]
[SourceTitle "EXT 2024"]
[Source "ChessBase"]
[SourceDate "2023.10.10"]
[SourceVersion "1"]
[SourceVersionDate "2023.10.10"]
[SourceQuality "1"]

1. d4 c5 2. Nf3 g6 3. g3 Bg7 4. Bg2 Nf6 5. 0-0 0-0 6. c4 d6 7. Nc3 Nc6 8. dxc5 dxc5 9. Be3 Be6 10. Bxc5 Bxc4 11. Qa4 Ba6 12. Rfd1 Qa5 13. Qxa5 Nxa5 14. Bxe7 Rfe8 15. Bxf6 Bxf6 16. Nd4 Nc4 17. Nd5 Bd8 18. b3 Nb6 19. Nb4 Bxe2 20. Nxe2 Rxe2 21. Bxb7 Rb8 22. Bf3 Re8 23. Nc6 Rc8 24. Nxa7 Rc2 25. a4 Bf6 26. Rac1 Rxc1 27. Rxc1 Bd4 28. Nb5 Bb2 29. Rc2 Bf6 30. a5 Nd7 31. a6 Be5 32. a7 Nb6 33. Ra2 Na8 34. Re2 f6 35. Bd5+ Kf8 36. f4 Rd8 37. Bxa8 Rxa8 38. fxe5 fxe5 39. Ra2 1-0

[Event "Barcelona Barri Gotic op 2nd"]
[Site "Barcelona"]
[Date "2013.05.13"]
[Round "5.7"]
[White "Fabregas Fontanet, Antonio"]
[Black "Sanchez Criado, Lluis"]
[Result "1/2-1/2"]
[WhiteElo "2007"]
[BlackElo "2148"]
[PlyCount "97"]
[EventDate "2013.04.15"]
[EventType "swiss"]
[EventRounds "8"]
[EventCountry "ESP"]
[SourceTitle "EXT 2024"]
[Source "ChessBase"]
[SourceDate "2023.10.10"]
[SourceVersion "1"]
[SourceVersionDate "2023.10.10"]
[SourceQuality "1"]

1. e4 c6 2. d4 d5 3. Nc3 dxe4 4. Nxe4 Bf5 5. Ng3 Bg6 6. Nf3 Nd7 7. Bd3 Ngf6 8. 0-0 e6 9. Re1 Be7 10. Ng5 Bxd3 11. Qxd3 0-0 12. f4 h6 13. Nf3 Re8 14. f5 exf5 15. Nxf5 Bb4 16. Rxe8+ Qxe8 17. Bd2 Bxd2 18. Nxd2 Qe6 19. Rf1 Nf8 20. Nf3 Ng6 21. Re1 Qd7 22. Ne5 Nxe5 23. Rxe5 g6 24. Nxh6+ Kg7 25. Qe3 Ng4 26. Nxg4 Qxg4 27. Qf2 Rd8 28. c3 Rd7 29. h3 Qd1+ 30. Kh2 Qc1 31. Re8 Rd5 32. g4 Rd6 33. Re1 Qg5 34. Re5 Rf6 35. Qe2 Qf4+ 36. Kg2 Qc1 37. g5 Re6 38. Rxe6 Qxg5+ 39. Qg4 Qd5+ 40. Qf3 fxe6 41. Qxd5 exd5 42. Kf3 g5 43. b3 b5 44. Kg3 Kh7 45. h4 Kg6 46. hxg5 Kxg5 47. b4 Kf5 48. Kf3 Kg5 49. Kg3 1/2-1/2

[Event "Barcelona Barri Gotic op 2nd"]
[Site "Barcelona"]
[Date "2013.05.06"]
[Round "4.5"]
[White "Sanchez Criado, Lluis"]
[Black "Ribera Nebot, Joan"]
[Result "1/2-1/2"]
[WhiteElo "2148"]
[BlackElo "2041"]
[PlyCount "63"]
[EventDate "2013.04.15"]
[EventType "swiss"]
[EventRounds "8"]
[EventCountry "ESP"]
[SourceTitle "EXT 2024"]
[Source "ChessBase"]
[SourceDate "2023.10.10"]
[SourceVersion "1"]
[SourceVersionDate "2023.10.10"]
[SourceQuality "1"]

1. d4 Nf6 2. Nf3 g6 3. g3 Bg7 4. Bg2 0-0 5. 0-0 d6 6. c4 Nbd7 7. Nc3 h6 8. b3 e5 9. dxe5 dxe5 10. Ba3 Re8 11. e4 c6 12. Qc2 Qa5 13. Qb2 b5 14. b4 Qa6 15. cxb5 cxb5 16. Qb3 Nb6 17. Nd2 Be6 18. Nd5 Nbxd5 19. exd5 Nxd5 20. Bxd5 Bxd5 21. Qxd5 Rad8 22. Qb3 Rxd2 23. Bc1 Rd7 24. a4 e4 25. Ra2 Rd3 26. axb5 Qxb5 27. Qa4 Qxa4 28. Rxa4 Rb8 29. Be3 Rd7 30. Rc1 Bf8 31. Rc4 Rdb7 32. Rxe4 1/2-1/2

[Event "Barcelona Barri Gotic op 2nd"]
[Site "Barcelona"]
[Date "2013.04.15"]
[Round "1.8"]
[White "Minos Constante, Pablo"]
[Black "Sanchez Criado, Lluis"]
[Result "0-1"]
[WhiteElo "1867"]
[BlackElo "2148"]
[PlyCount "110"]
[EventDate "2013.04.15"]
[EventType "swiss"]
[EventRounds "8"]
[EventCountry "ESP"]
[SourceTitle "EXT 2024"]
[Source "ChessBase"]
[SourceDate "2023.10.10"]
[SourceVersion "1"]
[SourceVersionDate "2023.10.10"]
[SourceQuality "1"]

1. e4 c6 2. d4 d5 3. e5 Na6 4. c3 Nc7 5. Be3 g6 6. Na3 h5 7. Nf3 Nh6 8. Bd3 Bf5 9. Nc2 Bxd3 10. Qxd3 Nf5 11. Bd2 Ne6 12. Ng5 Qd7 13. 0-0-0 Bh6 14. Nxe6 Qxe6 15. Bxh6 Rxh6 16. Ne3 0-0-0 17. h4 Rhh8 18. g3 Kb8 19. Rhe1 Rc8 20. Ng2 Ng7 21. Nf4 Qg4 22. Qe2 Qxe2 23. Rxe2 e6 24. b4 b6 25. Nd3 Nf5 26. Kb2 Rcg8 27. Ree1 Kc7 28. Nf4 Kd7 29. Nh3 c5 30. Ng5 Ke7 31. Nf3 Rc8 32. Rc1 Rc7 33. Rc2 Rhc8 34. Rec1 Nh6 35. Nh2 a6 36. a4 f6 37. exf6+ Kxf6 38. Kb3 Kf5 39. f3 Nf7 40. f4 cxd4 41. cxd4 Rxc2 42. Rxc2 Rxc2 43. Kxc2 Ke4 44. Kc3 Ke3 45. Nf1+ Kf2 46. Nd2 Kxg3 47. a5 bxa5 48. bxa5 Nd8 49. Nb3 Kxh4 50. Nc5 Kg4 51. Nxa6 Nc6 52. Nc5 Nxa5 53. Nxe6 h4 54. Nc7 h3 55. Nxd5 h2 0-1

[Event "Barcelona Sant Marti op 2nd"]
[Site "Barcelona"]
[Date "2013.02.14"]
[Round "5"]
[White "Sanchez Criado, Lluis"]
[Black "Moreno Perez, Norberto"]
[Result "1-0"]
[WhiteElo "2148"]
[BlackElo "1950"]
[PlyCount "99"]
[EventDate "2013.01.17"]
[EventType "swiss"]
[EventRounds "9"]
[EventCountry "ESP"]
[SourceTitle "EXT 2014"]
[Source "ChessBase"]
[SourceDate "2013.11.20"]
[SourceVersion "1"]
[SourceVersionDate "2013.11.20"]
[SourceQuality "1"]

1. d4 d5 2. Nf3 Nf6 3. Bf4 c5 4. c3 Nc6 5. e3 c4 6. Nbd2 h6 7. Qc2 g6 8. Be2 Bf5 9. Qc1 Rc8 10. 0-0 Bg7 11. Re1 b5 12. Ne5 Ne4 13. Nxc6 Rxc6 14. f3 Ng5 15. Bd1 Qc8 16. Bc2 b4 17. Ba4 bxc3 18. bxc3 0-0 19. Bxc6 Qxc6 20. Qa3 Qd7 21. e4 dxe4 22. Nxe4 Bxe4 23. fxe4 Ne6 24. Be3 Ng5 25. Bxg5 hxg5 26. Qc5 Bh6 27. Qxc4 g4 28. Rab1 Rc8 29. Qb3 Bd2 30. Rf1 e6 31. d5 Bxc3 32. dxe6 fxe6 33. Qb7 Rc7 34. Qa8+ Kh7 35. Rbd1 Qe7 36. Qf8 Qh4 37. Rf7+ Rxf7 38. Qxf7+ Kh6 39. Qxe6 g3 40. Qh3 gxh2+ 41. Qxh2 Qxh2+ 42. Kxh2 Kg5 43. Kg3 Kf6 44. Rd7 a5 45. a4 Kg5 46. Rf7 Be5+ 47. Kf3 Bd4 48. Ke2 Kg4 49. Kd3 Be5 50. Rf3 1-0

[Event "Barcelona Sant Marti op 2nd"]
[Site "Barcelona"]
[Date "2013.01.31"]
[Round "3"]
[White "Sanchez Criado, Lluis"]
[Black "Sanchez Ibern, Eric"]
[Result "1/2-1/2"]
[WhiteElo "2148"]
[BlackElo "2083"]
[PlyCount "55"]
[EventDate "2013.01.17"]
[EventType "swiss"]
[EventRounds "9"]
[EventCountry "ESP"]
[SourceTitle "EXT 2014"]
[Source "ChessBase"]
[SourceDate "2013.11.20"]
[SourceVersion "1"]
[SourceVersionDate "2013.11.20"]
[SourceQuality "1"]

1. d4 Nf6 2. Nf3 g6 3. g3 Bg7 4. Bg2 d5 5. 0-0 0-0 6. c4 dxc4 7. Na3 Nc6 8. Nxc4 Be6 9. b3 Bd5 10. Bb2 a5 11. a4 Qc8 12. Nfe5 Bxg2 13. Kxg2 Nxe5 14. Nxe5 Rd8 15. Qc2 Nd5 16. Rac1 c6 17. Qe4 Qe6 18. Rfd1 f6 19. Qg4 Rd6 20. Qxe6+ Rxe6 21. Nd3 Rxe2 22. Kf3 Re6 23. Nc5 Rd6 24. Nxb7 Rd7 25. Nc5 Rd6 26. Ne4 Re6 27. Nc5 Rd6 28. Ne4 1/2-1/2

[Event "Barcelona Sant Marti op 2nd"]
[Site "Barcelona"]
[Date "2013.01.17"]
[Round "1"]
[White "Sanchez Criado, Lluis"]
[Black "Algarte Cortes, Serafin Ramon"]
[Result "1-0"]
[WhiteElo "2148"]
[BlackElo "1752"]
[PlyCount "87"]
[EventDate "2013.01.17"]
[EventType "swiss"]
[EventRounds "9"]
[EventCountry "ESP"]
[SourceTitle "EXT 2014"]
[Source "ChessBase"]
[SourceDate "2013.11.20"]
[SourceVersion "1"]
[SourceVersionDate "2013.11.20"]
[SourceQuality "1"]

1. d4 d5 2. c4 c6 3. Nf3 Nf6 4. e3 Bf5 5. Nc3 e6 6. Bd3 Bxd3 7. Qxd3 h6 8. Ne5 Bd6 9. f4 Nbd7 10. 0-0 Bc7 11. b3 0-0 12. Ba3 Re8 13. Rad1 Nf8 14. e4 Bd6 15. Bxd6 Qxd6 16. Nxf7 Kxf7 17. e5 Qd8 18. exf6 Qxf6 19. f5 Kg8 20. fxe6 Qxe6 21. cxd5 Qe3+ 22. Qxe3 Rxe3 23. Rf3 Rxf3 24. gxf3 cxd5 25. Nxd5 Rd8 26. Ne3 Kf7 27. d5 Ng6 28. Rd4 Rd7 29. Kf2 Kf6 30. f4 Ne7 31. Kf3 Nf5 32. Nxf5 Kxf5 33. d6 Ke6 34. Ke4 g6 35. f5+ gxf5+ 36. Kf4 Rxd6 37. Rxd6+ Kxd6 38. Kxf5 Kd5 39. Kg6 Ke6 40. Kxh6 Kf6 41. b4 b5 42. a3 a6 43. h3 Kf5 44. Kg7 1-0